LEADER 01233nam0 2200289 i 450 001 SUN0133722 005 20210416121157.456 010 $d0.00 017 70$2N$a978-3-319-09318-5 100 $a20210416d2015 |0engc50 ba 101 $aeng 102 $aCH 105 $a|||| ||||| 200 1 $a*Photorefractive Optoelectronic Tweezers and Their Applications$eDoctoral Thesis accepted by University of Münster, Germany$fMichael Esseling 205 $aCham : Springer, 2015 210 $axi$d125 p.$cill. ; 24 cm 215 $aPubblicazione in formato elettronico 410 1$1001SUN0104193$12001 $a*Springer theses$erecognizing outstanding Ph.D. research$1210 $aBerlin$aHeidelberg$cSpringer. 620 $aCH$dCham$3SUNL001889 700 1$aEsseling$b, Michael$3SUNV107501$0792336 712 $aSpringer$3SUNV000178$4650 801 $aIT$bSOL$c20210426$gRICA 856 4 $uhttp://doi.org/10.1007/978-3-319-09318-5 912 $aSUN0133722 950 $aUFFICIO DI BIBLIOTECA DEL DIPARTIMENTO DI MATEMATICA E FISICA$d08CONS e-book 2412 $e08eMF2412 20210416 996 $aPhotorefractive Optoelectronic Tweezers and Their Applications$91771662 997 $aUNICAMPANIA LEADER 05299nam 2200481 450 001 9910163122603321 005 20190826145055.0 010 $a90-04-30287-5 024 7 $a10.1163/9789004302877 035 $a(CKB)3710000000966277 035 $a(MiAaPQ)EBC4790393 035 $a(OCoLC)946968442 035 $a(nllekb)BRILL9789004302877 035 $a(EXLCZ)993710000000966277 100 $a20160418d2016 uy 0 101 0 $aeng 135 $aurcnu|||||||| 181 $2rdacontent 182 $2rdamedia 183 $2rdacarrier 200 10$aAnthropological lifetime in Japan $ethe writings of joy hendry 210 1$a[S.l.] :$cBrill,$d2016. 215 $a1 online resource (713 pages) 225 0 $aThe writings of ;$v8 311 $a90-04-30286-7 320 $aIncludes bibliographical references at the end of each chapters and index. 327 $aPreliminary Material -- Introduction -- From Scrambled Messages to an Impromptu Dip: Serendipity in Finding a Field Location -- The Paradox of Friendship in the Field: Analysis of a Long-Term Anglo-Japanese Relationship -- Is Science Maintaining Tradition in Japan? -- The Modification of Tradition in Modern Japanese Weddings and Some Implications for the Social Structure -- Tomodachi k?: Age-Mate Groups in Northern Kyushu -- Shoes: The Early Learning of an Important Distinction in Japanese Society -- ?The Fix? in Japanese Society -- Marriage and the Family in Modernising Japan -- The Continuing Case of Japan -- Becoming Japanese: A Social Anthropological View of Child-Rearing -- Kindergartens and the Transition from Home to School Education -- Peer Pressure and Kindergartens in Japan -- Children?s Contests in Japan -- St Valentine and St Nicholas Travel Abroad: Success and Internationalisation in Japanese Education -- Individualism and Individuality: Entry into a Social World -- Bags, Objects and Education in Japan -- Material Objects and Mathematics in the Life of the Japanese Primary School Child -- The Use and Abuse of Politeness Formulae: Some Social Implications -- Respect, Solidarity or Contempt? Politeness and Communication in Modern Japan -- Humidity, Hygiene, or Ritual Care: Some Thoughts on Wrapping as a Social Phenomenon -- To Wrap or not to Wrap: Politeness and Penetration in Ethnographic Inquiry -- The Armour of Honorific Speech: Some Lateral Thinking about Keigo -- Politeness and Formality in Japanese Social Relations -- Order, Elegance and Purity: The Life of the Professional Housewife -- Honorifics as Dialect: The Expression and Manipulation of Boundaries in Japanese -- The Role of the Professional Housewife -- Wrapping and Japanese Presentation: Is this Waste or Care? -- The Sacred Power of Wrapping -- Gardens and the Wrapping of Space in Japan: Some Benefits of a Balinese Insight -- Nature Tamed: Gardens as a Microcosm of Japan?s View of the World -- Who is Representing Whom? Gardens, Theme Parks and the Anthropologist in Japan -- Pine, Ponds and Pebbles: Gardens and Visual Culture -- The Whole World as Heritage? Foreign Country Theme Parks in Japan -- Foreign Country Theme Parks: A New Theme or an Old Japanese Pattern? -- The Japanese Tattoo: Play or Purpose? -- Old Gods, New Pilgrimages: A Whistle-stop Tour of Japanese International Theme Parks -- Shakespeare on Show in Japan: An Anthropological Analysis of Cultural Display -- ?The Past, Foreign Countries and Fantasy . . . They All Make for a Good Outing:? Staging the Past in Japan and Some Other Locations -- Nursing in Japan -- Food as Social Nutrition? The Japanese Case -- Drinking and Gender in Japan -- The Ritual of the Revolving Towel -- The Chrysanthemum Continues to Flower: Ruth Benedict and Some Perils of Popular Anthropology -- Building Bridges, Common Ground, and the Role of the Anthropologist -- Japan and Pacific Anthropology: Some Ideas for New Research -- Learning that Emerges in Times of Trouble: A Few Cases from Japan -- Forty Years of Research and Teaching on Japan: A Personal Trajectory -- Joy Hendry?s Full Bibliography -- Index. 330 $aJoy Hendry's collection demonstrates the value of an anthropological approach to understanding a particular society by taking the reader through her own discovery of the field, explaining her practice of it in Oxford and Japan, and then offering a selection of the results and findings she obtained. Her work starts with a study of marriage made in a small rural community, continues with education and the rearing of children, and later turns to consider polite language, especially amongst women. This lead into a study of \'wrapping\' and cultural display, for example of gardens and theme parks, which became a comparative venture, putting Japan in a global context. Finally the book sums up change through the period of Hendry's research. 410 0$aThe Writings of$v8. 606 $aEthnology$zJapan 606 $aAnthropology$zJapan 607 $aJapan$xSocial life and customs 608 $aElectronic books. 615 0$aEthnology 615 0$aAnthropology 676 $a306.0952 700 $aHendry$b Joy$0852173 801 0$bNL-LeKB 801 1$bNL-LeKB 906 $aBOOK 912 $a9910163122603321 996 $aAnthropological lifetime in Japan$91952288 997 $aUNINA